<?xml version="1.0" encoding="UTF-8"?>
<collection xmlns="http://www.loc.gov/MARC21/slim">
    <record>
        <controlfield tag="001">100949</controlfield>
        <controlfield tag="005">20210323085016.0</controlfield>
        <datafield tag="037" ind1=" " ind2=" ">
            <subfield code="a">TAZ-TFG-2021-146</subfield>
        </datafield>
        <datafield tag="041" ind1=" " ind2=" ">
            <subfield code="a">spa</subfield>
        </datafield>
        <datafield tag="100" ind1="1" ind2=" ">
            <subfield code="a">Lin, Xin</subfield>
        </datafield>
        <datafield tag="242" ind1="0" ind2="0">
            <subfield code="a">Fintech Revolution: the digital currency</subfield>
        </datafield>
        <datafield tag="245" ind1="0" ind2="0">
            <subfield code="a">La revolución en el mundo Fintech: la moneda digital</subfield>
        </datafield>
        <datafield tag="260" ind1=" " ind2=" ">
            <subfield code="a">Zaragoza</subfield>
            <subfield code="b">Universidad de Zaragoza</subfield>
            <subfield code="c">2021</subfield>
        </datafield>
        <datafield tag="506" ind1=" " ind2=" ">
            <subfield code="a">by-nc-sa</subfield>
            <subfield code="b">Creative Commons</subfield>
            <subfield code="c">3.0</subfield>
            <subfield code="u">http://creativecommons.org/licenses/by-nc-sa/3.0/</subfield>
        </datafield>
        <datafield tag="520" ind1=" " ind2=" ">
            <subfield code="a">El objetivo del presente trabajo es estudiar la nueva revolución introducida en el mundo Fintech, las criptomonedas. Realizaremos un análisis comparativo de las distintas criptomonedas existentes en el mercado y también aquellas cuya emisión es inminente. En particular, analizaremos las criptomonedas “convencionales”, dentro de las cuales, elegiremos el Bitcoin por su volumen de capitalización en el mercado y su creciente popularidad en el mundo financiero. También examinaremos aquellas criptomonedas con una naturaleza más peculiar, denominadas stablecoins, que entre ellas, destacaremos la Libra de Facebook por la dimensión del proyecto. Huelga decir que, a pesar de existir numerosos trabajos acerca de los anteriores, un aspecto novedoso del presente trabajo es la incorporación de las monedas digitales emitidas por los bancos centrales, las monedas CBDC (por sus siglas en inglés: Central Bank Digital Currency), en el análisis y la comparativa de las criptomonedas, que, sin perjuicio de los trabajos referentes a las CBDC en los últimos años, parece ser que hasta el momento no ha habido estudios sobre una perspectiva comparada entre el Bitcoin, la Libra y las CBDC.&lt;br />&lt;br /></subfield>
        </datafield>
        <datafield tag="521" ind1=" " ind2=" ">
            <subfield code="a">Programa conjunto en ADE/DERECHO (Grados)</subfield>
        </datafield>
        <datafield tag="540" ind1=" " ind2=" ">
            <subfield code="a">Derechos regulados por licencia Creative Commons</subfield>
        </datafield>
        <datafield tag="700" ind1=" " ind2=" ">
            <subfield code="a">Ferruz Agudo, Luis</subfield>
            <subfield code="e">dir.</subfield>
        </datafield>
        <datafield tag="710" ind1="2" ind2=" ">
            <subfield code="a">Universidad de Zaragoza</subfield>
            <subfield code="b"> </subfield>
            <subfield code="c"></subfield>
        </datafield>
        <datafield tag="856" ind1="0" ind2=" ">
            <subfield code="f">716508@unizar.es</subfield>
        </datafield>
        <datafield tag="856" ind1="4" ind2=" ">
            <subfield code="s">1399698</subfield>
            <subfield code="u">http://zaguan.unizar.es/record/100949/files/TAZ-TFG-2021-146.pdf</subfield>
            <subfield code="y">Memoria (spa)</subfield>
        </datafield>
        <datafield tag="909" ind1="C" ind2="O">
            <subfield code="o">oai:zaguan.unizar.es:100949</subfield>
            <subfield code="p">driver</subfield>
            <subfield code="p">trabajos-fin-grado</subfield>
        </datafield>
        <datafield tag="950" ind1=" " ind2=" ">
            <subfield code="a"></subfield>
        </datafield>
        <datafield tag="951" ind1=" " ind2=" ">
            <subfield code="a">deposita:2021-03-23</subfield>
        </datafield>
        <datafield tag="980" ind1=" " ind2=" ">
            <subfield code="a">TAZ</subfield>
            <subfield code="b">TFG</subfield>
            <subfield code="c">ECON</subfield>
        </datafield>
        <datafield tag="999" ind1=" " ind2=" ">
            <subfield code="a">20210210202810.CREATION_DATE</subfield>
        </datafield>
    </record>

    
</collection>